Mixed Words: One Word D Quiz Stats

 Plays Quiz Updated Oct 14, 2016

Challenge
Share
Tweet
Embed
Score 0/20 Timer 03:00
1 Play Today
% Correct
Dill
98.4%
Daisy
96.3%
Dale
95.5%
Dennis
93%
Dahl
92.3%
Douglas
89.5%
Daffodil
87.4%
Dickens
85.9%
Dogwood
83.1%
Donovan
81.1%
% Correct
Dublin
79%
Daniel
78.6%
Damascus
76.9%
Dandelion
76%
Doha
74%
Dumas
68.1%
Dhaka
63.2%
Doyle
58.6%
Djibouti
56%
Dostoyevsky
35.4%

You're not logged in!

Compare scores with friends on all Sporcle quizzes.
Join for Free
OR
Log In

You Might Also Like...

Show Comments

Extras

Top Quizzes Today


Score Distribution

Your Account Isn't Verified!

In order to create a playlist on Sporcle, you need to verify the email address you used during registration. Go to your Sporcle Settings to finish the process.

Report this User

Report this user for behavior that violates our Community Guidelines.

Details: